000
00315nam a2200121Ia 4500
008
220204s9999 xx 000 0 und d
082
_a
631.11
_b
WOL
245
0
_a
Organic farming: Yesterday's and tomorrow's agriculture.
260
_a
Emmaus
_b
Rodale
_c
1977
650
_a
Farming
700
_a
WOLF, Ray
942
_c
BK
999
_c
33705
_d
33705